Механическое оборудование для производства строительных материалов и изделий: учебник для вузов

Xehetasun bibliografikoak
Egile nagusia: Борщевский А. А. Александр Алексеевич
Beste egile batzuk: Ильин А. С. Анатолий Сергеевич
Hizkuntza:errusiera
Argitaratua: Москва, Высшая школа, 1987
Gaiak:
Formatua: Liburua
KOHA link:https://koha.lib.tpu.ru/cgi-bin/koha/opac-detail.pl?biblionumber=82931

MARC

LEADER 00000nam0a2200000 4500
001 82931
005 20231031095924.0
035 |a (RuTPU)RU\TPU\book\89124 
090 |a 82931 
100 |a 20051008d1987 m y0rusy50 ca 
101 0 |a rus 
102 |a RU 
105 |a a j 001zy 
200 1 |a Механическое оборудование для производства строительных материалов и изделий  |e учебник для вузов  |f А. А. Борщевский, А. С. Ильин 
210 |a Москва  |c Высшая школа  |d 1987 
215 |a 368 с.  |c ил. 
320 |a Библиогр.: с. 363. 
320 |a Предметный указатель: с. 363-365. 
610 1 |a строительные материалы 
610 1 |a предприятия 
610 1 |a оборудование 
610 1 |a учебники 
610 1 |a производство 
610 1 |a горные породы 
610 1 |a дозаторы 
610 1 |a контактная сварка 
675 |a 691.002.5(075.8)  |v 3 
700 1 |a Борщевский  |b А. А.  |g Александр Алексеевич 
701 1 |a Ильин  |b А. С.  |g Анатолий Сергеевич 
801 1 |a RU  |b 63413507  |c 20051008  |g PSBO 
801 2 |a RU  |b 63413507  |c 20060707  |g PSBO 
942 |c BK